000 01298nas a2200361 4500
001 BR2013004810
003 BR-BrBNA
005 20231205122525.0
007 ta
008 230509b bl.|||p| |||| 00| 00por d
040 _aBR-BrBNA
_bpor
_cBiblioteca Nacional de Agricultura
041 _a(En)
072 _aF02
100 1 _aHolanda, F.S.R.
100 1 _aVieira, T.R.S.
100 1 _aAraújo Filho, R.N. de
100 1 _aSantos, T. de O.
100 1 _aAndrade, K.V.S. de
100 1 _aConceição, F.G. da
100 1 _a
100 1 _a
100 1 _a
245 1 _aPropagation through cutting technique of species ocurring in the lower são francisco river in sergipe state with different concentrations of indolbutiric acid
246 1 _aPropagation through cutting technique of species ocurring in the lower são francisco river in sergipe state with different concentrations of indolbutiric acid
650 _aPROPAGAÇÃO VEGETATIVA
650 _aESPÉCIE NATIVA
650 _aÁCIDO INDOLBUTÍRICO
650 _aESTACA
773 0 _tRevista Árvore (Brazil)
_xISSN 0100-6762
_g(Jan-Feb 2012), v. 36(1) p. 75-82
_wBR2013004810
856 4 0 _uhttp://www.scielo.br/pdf/rarv/v36n1/a09v36n1.pdf
909 _a202311
_bLúcia
_c55
_dLúcia Elande
942 _2AGRIS
_n0
_cANA
999 _c229105
_d229105